Chi tra questi ha vinto il premio Nobel per la Fisica? - Statistics

Statistiche generali
  • Questo quiz è stato fatto 118 volte
  • Il punteggio medio è 4 su 11
Answers on the Grid
Answers color-coded by a green-red scale on the quiz's grid according to % correct below.
Marie Curie
Pierre Curie
Alessandro Volta
Ettore Majorana
Max Planck
Robert Oppenheimer
Alan Turing
Albert Einstein
Guglielmo Marconi
Karl Heisenberg
Josef Mengele
Niels Bohr
Isaac Newton
Enrico Fermi
Michael Faraday
Carl Gauss
Erwin Schrodinger
Stephen Hawking
Giorgio Parisi
John Hopfield
 
Statistiche sulle risposte
Risposta % Corretto
Marie Curie
88%
Albert Einstein
48%
Enrico Fermi
39%
Pierre Curie
39%
Max Planck
36%
Niels Bohr
36%
Giorgio Parisi
30%
Erwin Schrodinger
20%
Guglielmo Marconi
20%
Karl Heisenberg
20%
John Hopfield
11%
Nessun quiz corrispondente trovato
Distribuzione punteggi
Percentuale di utenti per punteggio
Percentile per numero di risposta
I tuoi punteggi nel tempo
Non hai fatto questo quiz